Korean Football - All K League Teams - Statistics

General Stats
  • This quiz has been taken 70 times
  • The average score is 16 of 25
Answer Stats
Team Name % Correct
FC Seoul
95%
Busan I'Park
84%
Jeonbuk Hyundai Motors
81%
Ulsan HD
81%
Jeju United
79%
Gangwon FC
77%
Daegu FC
74%
Suwon Samsung Bluewings
74%
Gwangju FC
72%
Incheon United
72%
Gimcheon Sangmu
67%
Pohang Steelers
67%
Daejeon Hana Citizen
65%
Suwon FC
65%
Jeonnam Dragons
60%
Seongnam FC
60%
Ansan Greeners
53%
Chungnam Asan
53%
FC Anyang
53%
Cheonan City
51%
Gyeongnam FC
51%
Bucheon FC 1995
49%
Chungbuk Cheongju
49%
Seoul E-Land
49%
Gimpo FC
40%
No matching quizzes found
Score Distribution
Percent of People with Each Score
Percentile by Number Answered
Your Score History
You have not taken this quiz